| 000 | 00929nam a22002537a 4500 | ||
|---|---|---|---|
| 005 | 20170124103022.0 | ||
| 010 | _aA-594919 | ||
| 020 | _c35.00 | ||
| 035 | _aA-594919 | ||
| 037 | _bCen Lib/Ret | ||
| 040 |
_aDPL _bHN |
||
| 082 |
_aक _bपंतगौ |
||
| 100 |
_aपंत, गौरी _92233 |
||
| 245 |
_aदोहरी जिंदगी / _cगौरी पंत |
||
| 246 |
_aDohri zindagi / _bby Gauri Pant |
||
| 260 |
_aदिल्ली _bइन्द्रप्रस्थ प्रकाशन _c1992 |
||
| 270 |
_aके-71, कृष्णनगर _bदिल्ली _e110051 |
||
| 300 |
_a107पृ. _c17सेमी (सजिल्द) |
||
| 650 |
_aहिन्दी -- साहित्य _961063 |
||
| 650 |
_aहिन्दी -- कहानी _9779 |
||
| 650 |
_aHindi -- Literature _961064 |
||
| 650 |
_aHindi -- Story _943117 |
||
| 942 |
_2ddc _cHN _hक _mपंतगौ |
||
| 999 |
_c115356 _d115356 |
||